Quantitative techniques : theory and problems (Record no. 350009)

000 -LEADER
fixed length control field 00448nam a22001337a 4500
020 ## - INTERNATIONAL STANDARD BOOK NUMBER
International Standard Book Number 9788131701867
082 ## - DEWEY DECIMAL CLASSIFICATION NUMBER
Classification number 658.4033
100 ## - MAIN ENTRY--PERSONAL NAME
Personal name P.C. Tulsian
245 ## - TITLE STATEMENT
Title Quantitative techniques : theory and problems
260 ## - PUBLICATION, DISTRIBUTION, ETC.
Place of publication, distribution, etc. New Delhi
Name of publisher, distributor, etc. Dorling kinderseley
Date of publication, distribution, etc. 2006.
300 ## - PHYSICAL DESCRIPTION
Extent different pages
942 ## - ADDED ENTRY ELEMENTS (KOHA)
Koha item type Book
Holdings
Withdrawn status Lost status Source of classification or shelving scheme Damaged status Not for loan Collection code Permanent Location Current Location Shelving location Date acquired Total Checkouts Full call number Barcode Date last seen Price effective from Koha item type
            Central Library (CL) Central Library (CL) General Stacks 08/05/2015   657.076 TUL 2015 NBS9240 08/06/2015 08/05/2015 Book
© 2023 Central Library, National University of Sciences and Technology. All Rights Reserved.